Dawne odpowiedniki obecnych liter - Statystyki

Ogólne statystyki
  • Ten quiz został rozwiązany 17 razy
  • Średni wynik to 4 z 6
Statystyki odpowiedzi
Dawne Obecne % Poprawnych
Ʒʒ Zz
83%
Vv Uu
75%
ſ s
67%
Ⱶⱶ u/a
67%
Ⅎⅎ u/w
67%
Ↄↄ bs/ps
8%
Nie znaleziono quizów pasujących do podanych kryteriów
Rozkład punktacji
Procent ludzi z każdym wynikiem
Percentyl według liczby udzielonych odpowiedzi
Twoja historia wyników
Nie rozwiązałeś tego quizu